[Event "2018 Aurora Spring Open - U2000"]
[Site "Aurora, Ontario, Canada"]
[Date "2018.03.25"]
[Round "4.17"]
[White "Ai, Amy"]
[Black "Prost, Bernie"]
[Result "1/2-1/2"]
[WhiteElo "1579"]
[BlackElo "1551"]
[PlyCount "72"]
[EventDate "2018.03.24"]

1. e4 e5 2. Nf3 Nc6 3. Bc4 Be7 4. d4 exd4 5. Nxd4 Nf6 6. Nxc6 dxc6 7. Qxd8+
Bxd8 8. Nc3 O-O 9. O-O Re8 10. Re1 b5 11. Bd3 Be6 12. Bd2 Be7 13. a3 Bc5 14. h3
a5 15. Be3 Nd7 16. a4 Bxe3 17. Rxe3 b4 18. Ne2 Ne5 19. Nd4 Bc4 20. f4 c5 21.
Nf3 Bxd3 22. cxd3 Nd7 23. b3 f6 24. Rae1 Ra6 25. Kf2 Nb8 26. Rc1 Nd7 27. g4 Kf7
28. e5 Rc6 29. Rce1 fxe5 30. fxe5 h6 31. Kg3 Ke6 32. h4 Kd5 33. h5 Rce6 34. Kf4
Rf8+ 35. Kg3 Rfe8 36. Kf4 Rf8+ 1/2-1/2

[Event "2018 Aurora Spring Open - U2000"]
[Site "Aurora, Ontario, Canada"]
[Date "2018.03.25"]
[Round "5.1"]
[White "Huang, Youhe"]
[Black "O'sullivan, Patrick"]
[Result "1-0"]
[WhiteElo "1761"]
[BlackElo "1744"]
[PlyCount "93"]
[EventDate "2018.03.24"]

1. e4 c6 2. d4 d5 3. Nc3 dxe4 4. Nxe4 Bf5 5. Ng3 Bg6 6. h4 h6 7. h5 Bh7 8. Nf3
Nd7 9. Bf4 Qa5+ 10. c3 e6 11. Bd3 Bxd3 12. Qxd3 Ngf6 13. Nd2 Nd5 14. Be3 Qc7
15. c4 Nxe3 16. Qxe3 O-O-O 17. O-O Kb8 18. Rfb1 Bd6 19. Nge4 Bf4 20. Qe2 f5 21.
Nc3 Bxd2 22. Qxd2 Nf6 23. Ne2 Rhe8 24. b4 Ng4 25. g3 Qf7 26. Kg2 Qxh5 27. Rh1
Qf7 28. Rab1 e5 29. f3 Nf6 30. b5 c5 31. d5 Rd6 32. Qa5 b6 33. Qd2 e4 34. Qf4
Qd7 35. Nc3 g6 36. Qd2 exf3+ 37. Kxf3 Ne4 38. Nxe4 Rxe4 39. Qc3 Rd4 40. Rbe1 f4
41. g4 Qh7 42. Kf2 f3 43. Re8+ Kc7 44. Rhe1 Rd7 45. Ra8 h5 46. Rxa7+ Kb8 47.
Re8+ 1-0

[Event "2018 Aurora Spring Open - U2000"]
[Site "Aurora, Ontario, Canada"]
[Date "2018.03.25"]
[Round "5.3"]
[White "Liu, Harrison (Hangchen)"]
[Black "Qiao, Joey"]
[Result "1/2-1/2"]
[WhiteElo "1797"]
[BlackElo "1609"]
[PlyCount "174"]
[EventDate "2018.03.24"]

1. e4 e5 2. Nf3 Nc6 3. Bb5 a6 4. Ba4 Nf6 5. O-O b5 6. Bb3 Be7 7. Re1 O-O 8. c3
d6 9. h3 Na5 10. Bc2 c5 11. d4 Nc6 12. d5 Na5 13. b4 Nb7 14. Be3 Qc7 15. a4 Rb8
16. axb5 axb5 17. bxc5 Nxc5 18. Bxc5 Qxc5 19. Re3 Bd7 20. Nbd2 Rfc8 21. Nb3 Qc7
22. Ne1 b4 23. cxb4 Rxb4 24. Qd2 Rbb8 25. Ra3 Ra8 26. Rxa8 Rxa8 27. Nd3 Qb6 28.
Qb4 Qc7 29. Qd2 Qb6 30. Qb4 Qc7 31. Qd2 Qb6 32. Ndc1 h6 33. Ne2 Rc8 34. Rc3
Rxc3 35. Qxc3 Bd8 36. Nd2 Bb5 37. Ng3 Bd7 38. Nc4 Qc5 39. Qb3 Bc7 40. Ne3 g6
41. Qc4 Qxc4 42. Nxc4 Kf8 43. f3 Bb5 44. Bd3 Bd7 45. Ne2 Ke7 46. Kh2 Bb5 47.
Nxe5 dxe5 48. Bxb5 Kd6 49. g4 Nd7 50. Bxd7 Kxd7 51. h4 f6 52. h5 g5 53. Ng3 Bd6
54. Kg2 Bf8 55. Nf5 Kc7 56. Kf2 Kb7 57. Ke2 Kb6 58. Kd2 Kc5 59. Kc3 Kb5 60. Kb3
Ka5 61. Kc4 Kb6 62. Ne3 Be7 63. Nd1 Bf8 64. Nc3 Be7 65. d6 Bxd6 66. Nd5+ Kc6
67. Nxf6 Bf8 68. Nd5 Bd6 69. Kb3 Kc5 70. Ne3 Bf8 71. Nd5 Bd6 72. Ka4 Kd4 73.
Kb5 Kd3 74. Kc6 Bf8 75. Kd7 Ke2 76. Ke6 Kxf3 77. Kf5 Bg7 78. Ne7 Bf8 79. Ng6
Bg7 80. Nxe5+ Bxe5 81. Kxe5 Kxg4 82. Kf6 Kh4 83. e5 g4 84. e6 g3 85. e7 g2 86.
e8=Q g1=Q 87. Qg6 Qa1+ 1/2-1/2

[Event "2018 Aurora Spring Open - U2000"]
[Site "Aurora, Ontario, Canada"]
[Date "2018.03.25"]
[Round "5.4"]
[White "Gao, Raymond"]
[Black "Ganea, Mihai"]
[Result "0-1"]
[WhiteElo "1793"]
[BlackElo "1717"]
[PlyCount "98"]
[EventDate "2018.03.24"]

1. e4 e6 2. d4 d5 3. Nd2 c5 4. exd5 exd5 5. Ngf3 c4 6. c3 Nf6 7. Be2 Bd6 8. O-O
Nc6 9. b3 cxb3 10. Qxb3 O-O 11. c4 Na5 12. Qc2 Nxc4 13. Bxc4 dxc4 14. Nxc4 Be6
15. Nxd6 Qxd6 16. a4 Rfd8 17. Rd1 Bg4 18. Qb3 Qd5 19. Qxd5 Nxd5 20. Ra3 Rac8
21. Be3 Bxf3 22. gxf3 b6 23. Rd2 f6 24. Kg2 Kf7 25. Kf1 Rd7 26. Rdd3 Rdc7 27.
Bd2 Rc4 28. Ke2 R8c7 29. Kd1 Ke6 30. Ke2 Rc2 31. Ke1 Rb2 32. Ra1 Rcc2 33. Kd1
Ra2 34. Rxa2 Rxa2 35. a5 b5 36. f4 g6 37. Rh3 h5 38. Rg3 Kf5 39. Kc1 a6 40. Kd1
Ra4 41. Rd3 Rc4 42. Ke2 Ra4 43. Kf3 b4 44. Rb3 Rxa5 45. Ke2 Ra2 46. Kd1 a5 47.
Rb1 Ke4 48. Ke1 Kxd4 49. Kd1 Ke4 0-1

[Event "2018 Aurora Spring Open - U2000"]
[Site "Aurora, Ontario, Canada"]
[Date "2018.03.25"]
[Round "5.5"]
[White "Hannah, Brandon"]
[Black "Rusonik, Greg"]
[Result "1-0"]
[WhiteElo "1777"]
[BlackElo "1751"]
[PlyCount "90"]
[EventDate "2018.03.24"]

1. d4 f5 2. g3 Nf6 3. Bg2 g6 4. Nf3 Bg7 5. c4 O-O 6. O-O e6 7. Nc3 c6 8. d5 d6
9. dxe6 Bxe6 10. b3 Ne4 11. Nxe4 fxe4 12. Nd4 Bf7 13. Ba3 Qb6 14. e3 c5 15. Nb5
d5 16. Qc2 Bxa1 17. Rxa1 Nc6 18. cxd5 Qxb5 19. dxc6 bxc6 20. Bxe4 Bd5 21. Bxg6
Rf6 22. Bxh7+ Kf8 23. Bxc5+ Ke8 24. Bd4 Rh6 25. Rc1 Qb7 26. Be4 Qf7 27. Bxd5
Qxd5 28. f4 Kd7 29. Qg2 Qb5 30. Rd1 Kc7 31. Rd2 a5 32. h3 a4 33. bxa4 Rxa4 34.
g4 Rc4 35. Be5+ Kc8 36. g5 Rc1+ 37. Kh2 Re6 38. Qg4 Qc4 39. g6 Kb7 40. Qg2 Re8
41. Rb2+ Ka8 42. Qe2 Qa4 43. g7 Ka7 44. Qd3 c5 45. Qb3 Qc6 1-0

[Event "2018 Aurora Spring Open - U2000"]
[Site "Aurora, Ontario, Canada"]
[Date "2018.03.25"]
[Round "5.7"]
[White "Mcglynn, Danny"]
[Black "Xiao, Edward"]
[Result "1-0"]
[WhiteElo "1849"]
[BlackElo "1510"]
[PlyCount "69"]
[EventDate "2018.03.24"]

1. e4 c5 2. Nc3 Nc6 3. f4 d6 4. Nf3 Nf6 5. Bb5 Bg4 6. Bxc6+ bxc6 7. d3 g6 8.
O-O Bg7 9. Qe1 Bxf3 10. Rxf3 Qc7 11. Rb1 Rb8 12. b3 Nd7 13. Bb2 Rg8 14. Kh1 Nb6
15. e5 e6 16. Ne4 dxe5 17. fxe5 Qe7 18. Nd6+ Kd7 19. Rxf7 Qxf7 20. Nxf7 Ke7 21.
Nd6 Nc8 22. Qh4+ Kd7 23. Qxh7 Ne7 24. Qh3 Nf5 25. Nxf5 gxf5 26. d4 cxd4 27.
Bxd4 Ra8 28. Rd1 Kc7 29. Qh5 Rgf8 30. Qg6 Bh8 31. Qxe6 Rae8 32. Qd6+ Kc8 33.
Qxc6+ Kb8 34. Bxa7+ Kxa7 35. Rd7+ 1-0

[Event "2018 Aurora Spring Open - U2000"]
[Site "Aurora, Ontario, Canada"]
[Date "2018.03.25"]
[Round "5.8"]
[White "Wang, Eric"]
[Black "Uthayakumar, Ronan"]
[Result "1/2-1/2"]
[WhiteElo "1663"]
[BlackElo "1794"]
[PlyCount "72"]
[EventDate "2018.03.24"]

1. c4 e5 2. Nc3 Nf6 3. Nf3 Nc6 4. d4 exd4 5. Nxd4 Be7 6. g3 d5 7. Nxc6 bxc6 8.
Bg2 Be6 9. O-O O-O 10. Bg5 Rb8 11. Qc2 h6 12. Bf4 Bd6 13. Bxd6 Qxd6 14. Rfd1
Qb4 15. cxd5 cxd5 16. Nxd5 Nxd5 17. Bxd5 Bxd5 18. Rxd5 Qxb2 19. Qxb2 Rxb2 20.
Ra5 Rc8 21. Rxa7 c5 22. Rc1 c4 23. Ra3 Rxe2 24. Rac3 Re4 25. Kf1 Ra8 26. Rxc4
Rxc4 27. Rxc4 Rxa2 28. h4 g5 29. hxg5 hxg5 30. Rg4 f6 31. Rb4 Kg7 32. g4 Kf7
33. Rb7+ Ke6 34. Kg2 Ra3 35. f3 Rd3 36. Kg3 Rd5 1/2-1/2

[Event "2018 Aurora Spring Open - U2000"]
[Site "Aurora, Ontario, Canada"]
[Date "2018.03.25"]
[Round "5.9"]
[White "Galvis, Nicolas Pinto"]
[Black "Zhao, Jeffrey R"]
[Result "1/2-1/2"]
[WhiteElo "1620"]
[BlackElo "1787"]
[PlyCount "95"]
[EventDate "2018.03.24"]

1. Nf3 Nf6 2. c4 g6 3. d4 Bg7 4. Nc3 O-O 5. Bg5 d6 6. e3 Bf5 7. Bd3 Bxd3 8.
Qxd3 Nbd7 9. O-O c6 10. Rad1 Qc7 11. Rd2 Rac8 12. Rc1 Rfe8 13. Ne4 Nxe4 14.
Qxe4 e5 15. dxe5 dxe5 16. Qh4 e4 17. Nd4 Nc5 18. Bf6 Bxf6 19. Qxf6 Qe5 20. Qxe5
Rxe5 21. Rcd1 Nd3 22. Ne2 b5 23. cxb5 cxb5 24. Nf4 Rec5 25. Nxd3 exd3 26. Rxd3
Rc2 27. b3 Rxa2 28. Rd5 Rcc2 29. Rf1 a6 30. g3 Rcb2 31. Rd3 Ra3 32. Rc1 Raxb3
33. Rxb3 Rxb3 34. Ra1 b4 35. Rxa6 Rb1+ 36. Kg2 b3 37. Rb6 Kf8 38. Kf3 Ke7 39.
Ke4 h5 40. h3 Kd7 41. g4 h4 42. Kf3 Kc7 43. Rb4 Kc6 44. g5 Kc5 45. Rb7 Kc4 46.
Rc7+ Kd3 47. Rd7+ Kc2 48. Rc7+ 1/2-1/2

[Event "2018 Aurora Spring Open - U2000"]
[Site "Aurora, Ontario, Canada"]
[Date "2018.03.25"]
[Round "5.10"]
[White "Botha, Charl Elmo"]
[Black "Sharpe, Michael D"]
[Result "1/2-1/2"]
[WhiteElo "1603"]
[BlackElo "1745"]
[PlyCount "59"]
[EventDate "2018.03.24"]

1. e4 c5 2. Nf3 d6 3. Bb5+ Bd7 4. Bxd7+ Qxd7 5. d3 Nc6 6. O-O e6 7. Bf4 Be7 8.
Nc3 Nf6 9. Re1 O-O 10. Qd2 Nd4 11. Ne2 Nxf3+ 12. gxf3 e5 13. Bg3 Nh5 14. Kh1 f5
15. f4 Rf7 16. fxe5 dxe5 17. f3 f4 18. Bf2 Qh3 19. Ng1 Qe6 20. Kg2 Qg6+ 21. Kf1
Qe6 22. Ke2 Rd8 23. Qa5 Qb6 24. Qxb6 axb6 25. Nh3 h6 26. Rg1 Nf6 27. Rg6 Kf8
28. Bh4 Rd6 29. Rag1 Bd8 30. Nf2 1/2-1/2

[Event "2018 Aurora Spring Open - U2000"]
[Site "Aurora, Ontario, Canada"]
[Date "2018.03.25"]
[Round "5.11"]
[White "Xie, Austin"]
[Black "Shen, Isamel"]
[Result "0-1"]
[WhiteElo "1522"]
[BlackElo "1559"]
[PlyCount "60"]
[EventDate "2018.03.24"]

1. e4 e5 2. Nf3 Nc6 3. Bc4 Bc5 4. O-O Nf6 5. Nc3 O-O 6. d3 h6 7. Bd2 d6 8. h3
Be6 9. Bb3 Ne7 10. Ne2 Ng6 11. Ng3 Qd7 12. Nh2 c6 13. Re1 d5 14. exd5 cxd5 15.
Nf3 Qc7 16. c3 Bd6 17. Nf1 Qc6 18. Rc1 Nh5 19. Nxe5 Nxe5 20. Qxh5 Nxd3 21. Bxh6
gxh6 22. Rxe6 Bh2+ 23. Nxh2 Qxe6 24. Rd1 Nf4 25. Qh4 Ne2+ 26. Kh1 Kh8 27. Bxd5
Qb6 28. Ng4 Kg7 29. Qh5 Rae8 30. Ne3 Qxe3 0-1

[Event "2018 Aurora Spring Open - U2000"]
[Site "Aurora, Ontario, Canada"]
[Date "2018.03.25"]
[Round "5.13"]
[White "Qu, Greta"]
[Black "Moran-Venegas, Mario"]
[Result "0-1"]
[WhiteElo "1581"]
[BlackElo "1794"]
[PlyCount "64"]
[EventDate "2018.03.24"]

1. e4 c5 2. Nf3 d6 3. Bb5+ Nd7 4. c3 a6 5. Ba4 b5 6. Bc2 Bb7 7. O-O Ngf6 8. Re1
g6 9. d4 cxd4 10. cxd4 Bg7 11. e5 dxe5 12. dxe5 Nd5 13. e6 fxe6 14. Rxe6 O-O
15. Bb3 N7f6 16. Bg5 Kh8 17. a4 Qd7 18. Re1 Rad8 19. axb5 Qxb5 20. Nd4 Qb6 21.
Ne6 Nf4 22. Nxd8 Rxd8 23. Qc2 Nxg2 24. Rd1 Rc8 25. Qd3 Ng4 26. Qg3 Nxf2 27.
Qxf2 Qxb3 28. Rc1 Rxc1+ 29. Bxc1 Qd1+ 30. Qf1 Bd4+ 31. Be3 Bxe3+ 32. Kh1 Nf4#
0-1

[Event "2018 Aurora Spring Open - U2000"]
[Site "Aurora, Ontario, Canada"]
[Date "2018.03.25"]
[Round "5.14"]
[White "Armstrong, Robert J"]
[Black "Jordan, John"]
[Result "0-1"]
[WhiteElo "1557"]
[BlackElo "1694"]
[PlyCount "42"]
[EventDate "2018.03.24"]

1. g3 d5 2. Bg2 Nf6 3. c4 e6 4. Qb3 c6 5. cxd5 exd5 6. d3 Be7 7. Bf4 O-O 8. Nc3
Nbd7 9. d4 Re8 10. Qc2 Nf8 11. Rd1 Ng6 12. Bg5 h6 13. Bxf6 Bxf6 14. Nf3 Be6 15.
O-O Qc8 16. Rfe1 Bh3 17. e4 Bxg2 18. Kxg2 Qg4 19. Ne5 Bxe5 20. dxe5 Rxe5 21.
exd5 Nh4+ 0-1